| 000 | 00453nam a2200157Ia 4500 | ||
|---|---|---|---|
| 008 | 230312s9999||||xx |||||||||||||| ||und|| | ||
| 020 | _a0521586879 | ||
| 082 |
_a621.3 _bTON-B |
||
| 100 | _aJones, len | ||
| 245 | 0 | _aBasic electronics for tomorrow's world | |
| 260 |
_bCambridge _aIndia _c1996 |
||
| 300 | _a253 | ||
| 546 | _aEng. | ||
| 650 |
_aEngineering _vSafty and moins electricity, Tools materials and components, Measuring instrumen |
||
| 942 | _cBK | ||
| 999 |
_c1507 _d1507 |
||